| 000 | 00915nam a2200277 i 4500 | ||
|---|---|---|---|
| 001 | 184121 | ||
| 003 | ES-MaACL | ||
| 005 | 20231216062916.0 | ||
| 008 | 150320s1965 sp |||| |dspa d | ||
| 080 | _a821.134.2-2"19" | ||
| 080 | _a821.134.2 Arrabal, Fernando 1.07 | ||
| 100 | 1 |
_aArrabal, Fernando, _d1932- _923204 |
|
| 245 | 1 | 3 |
_aEl hombre pánico _b; El cementerio de automóviles ; Ciugrena ; Los dos verdugos / _cFernando Arrabal. |
| 260 |
_aMadrid : _bTaurus, _c[1965] |
||
| 300 |
_a117 p. ; _c18 cm. |
||
| 490 | 1 |
_aPrimer Acto ; _v5 |
|
| 504 | _aBibliografía: p. [47] | ||
| 598 | _aColección de teatro dir. por José Monleón. | ||
| 600 | 1 | 4 |
_aArrabal, Fernando, _d1932- _923204 |
| 740 | 3 | _aEl cementerio de automóviles. | |
| 740 | 0 | _aCiugrena. | |
| 740 | 4 | _aLos dos verdugos. | |
| 830 | 0 |
_aPrimer Acto ; _v5 _9182624 |
|
| 852 |
_aES-MaACL _jE-15509 |
||
| 999 |
_c184121 _d184121 |
||